| 000 | 00684nam a22001817a 4500 | ||
|---|---|---|---|
| 003 | BD-DhUL | ||
| 005 | 20180523120647.0 | ||
| 008 | 180523s xxu||||| |||| 00| 0 ben d | ||
| 040 |
_aBD-DhUL _cBD-DhUL |
||
| 082 |
_a891.443 _bSAA |
||
| 100 | 1 | _aমুখোপাধ্যায়, শৈলজানন্দ | |
| 245 | 1 | 0 |
_aএকি অপরূপ / _cশৈলজানন্দ মুখোপাধ্যায় |
| 260 |
_aঢাকা : _bনওরোজ কিতাবিস্তান, _c০০০০. |
||
| 300 |
_a২০৪ পৃ. ; _c১৮ সেমি. |
||
| 650 | 4 | _aবাংলা উপন্যাস | |
| 650 | 4 | _aBengali fiction | |
| 942 |
_2ddc _cBK |
||
| 999 |
_c241523 _d241523 |
||